Leitfaden der tierärztlichen lebensmittelüberwachung, (Record no. 10626)

MARC details
000 -LEADER
fixed length control field 00640cam a22002171 4500
001 - CONTROL NUMBER
control field agr47000154
003 - CONTROL NUMBER IDENTIFIER
control field DLC
005 - DATE AND TIME OF LATEST TRANSACTION
control field 20260227111006.0
008 - FIXED-LENGTH DATA ELEMENTS--GENERAL INFORMATION
fixed length control field 810815s1939 xx a l 000 0 ger
010 ## - LIBRARY OF CONGRESS CONTROL NUMBER
LC control number agr47000154
035 ## - SYSTEM CONTROL NUMBER
System control number (OCoLC)14721032
040 ## - CATALOGING SOURCE
Original cataloging agency DLC
Transcribing agency DNLM
Modifying agency DLC
042 ## - AUTHENTICATION CODE
Authentication code premarc
050 00 - LIBRARY OF CONGRESS CALL NUMBER
Classification number TS1975
Item number .H6
060 0# - NATIONAL LIBRARY OF MEDICINE CALL NUMBER
Classification number TS 1975
Item number H792L 1939
100 1# - MAIN ENTRY--PERSONAL NAME
Personal name Hopfengärtner, Max.
245 10 - TITLE STATEMENT
Title Leitfaden der tierärztlichen lebensmittelüberwachung,
Statement of responsibility, etc. von dr. Max Hopfengärtner ... Mit 5 abbildungen.
260 ## - PUBLICATION, DISTRIBUTION, ETC.
Place of publication, distribution, etc. Stuttgart,
Name of publisher, distributor, etc. F. Enke,
Date of publication, distribution, etc. 1939.
300 ## - PHYSICAL DESCRIPTION
Extent xv, 240 p.
Other physical details ill.
504 ## - BIBLIOGRAPHY, ETC. NOTE
Bibliography, etc. note "Schrifttum": p. [229]-230.

No items available.

Powered by Koha